LEADER 00956nam0-2200325---450- 001 990004627140403321 005 20140120115304.0 010 $a9004099913 035 $a000462714 035 $aFED01000462714 035 $a(Aleph)000462714FED01 035 $a000462714 100 $a19990604d1995----km-y0itay50------ba 101 0 $aeng 102 $aNL 105 $af-------00--- 200 1 $aAthenian settlements of the fourth century B. C.$fby Jack Cargill 210 $aLeiden [etc.]$cBrill$d1995. 215 $aXXVII, 487 p. [5] c. di tav.$cill.$d25 cm 225 1 $aMnemosyne. Supplementum$v145 610 0 $aColonie greche$aSec. 4. a. C. 676 $a938.06$v22 700 1$aCargill,$bJack$0183883 801 0$aIT$bUNINA$gRICA$2UNIMARC 901 $aBK 912 $a990004627140403321 952 $a938.06 CAR 2$bBibl.18047$fFLFBC 959 $aFLFBC 996 $aAthenian settlements of the fourth century B. C$9552673 997 $aUNINA LEADER 01930nam 2200505I 450 001 9910705810503321 005 20170811113555.0 035 $a(CKB)5470000002454316 035 $a(OCoLC)1000386941 035 $a(EXLCZ)995470000002454316 100 $a20170811j201707 ua 0 101 0 $aeng 135 $aurcn||||||||| 181 $ctxt$2rdacontent 182 $cc$2rdamedia 183 $acr$2rdacarrier 200 12$aA compilation of MATLAB scripts and functions for MAC/GMC analyses /$fPappu L.N. Murthy, Brett A. Bednarcyk, Subodh K. Mital 210 1$aCleveland, Ohio :$cNational Aeronautics and Space Administration, Glenn Research Center,$dJuly 2017. 215 $a1 online resource (iii, 79 pages) $ccolor illustrations 225 1 $aNASA/TM ;$v2017-219500 300 $a"July 2017." 300 $a"This work was sponsored by the Transformative Aeronautics Concepts Program"--page [4]. 320 $aIncludes bibliographical references (page 79). 517 3 $aA compilation of MATLAB scripts and functions for Micromechanics Analysis Code/Generalized Method of Cells analyses 606 $aComposite materials$2nasat 606 $aComputer programs$2nasat 606 $aCrack initiation$2nasat 606 $aMechanical properties$2nasat 606 $aStress-strain relationships$2nasat 615 7$aComposite materials. 615 7$aComputer programs. 615 7$aCrack initiation. 615 7$aMechanical properties. 615 7$aStress-strain relationships. 700 $aMurthy$b P. L. N.$01386975 702 $aBednarcyk$b Brett A. 702 $aMital$b Subodh K. 712 02$aNASA Glenn Research Center, 712 02$aUnited States.$bNational Aeronautics and Space Administration, 801 0$bGPO 801 1$bGPO 906 $aBOOK 912 $a9910705810503321 996 $aA compilation of MATLAB scripts and functions for MAC$93450846 997 $aUNINA